Tallash i haq = تلاش حق اردو ترجمہ المنقد من الضلال / (Record no. 136421)
[ view plain ]
| 000 -LEADER | |
|---|---|
| fixed length control field | 00749nam a22001577a 4500 |
| 005 - DATE AND TIME OF LATEST TRANSACTION | |
| control field | 20241227104421.0 |
| 008 - FIXED-LENGTH DATA ELEMENTS--GENERAL INFORMATION | |
| fixed length control field | 241227b |||||||| |||| 00| 0 eng d |
| 040 ## - CATALOGING SOURCE | |
| Transcribing agency | PK-LaUMT |
| 082 ## - DEWEY DECIMAL CLASSIFICATION NUMBER | |
| Classification number | APC 297.4 |
| Item number | IMA-T |
| 100 ## - MAIN ENTRY--PERSONAL NAME | |
| Personal name | Imam Abu Hamid Muhammad bin Muhammad al-Ghazali = امام ابو حامد محمد بن محمد الغزالی |
| 245 ## - TITLE STATEMENT | |
| Title | Tallash i haq = تلاش حق اردو ترجمہ المنقد من الضلال / |
| Statement of responsibility, etc | by Imam Abu Hamid Muhammad bin Muhammad al-Ghazali = امام ابو حامد محمد بن محمد الغزالی ; translated by Khalid Hasan Qadiri = مترجم خالد حسن قادری |
| 260 ## - PUBLICATION, DISTRIBUTION, ETC. (IMPRINT) | |
| Place of publication, distribution, etc | Lahore : |
| Name of publisher, distributor, etc | Punjab Auqaf Academy, |
| Date of publication, distribution, etc | 1996 |
| 300 ## - PHYSICAL DESCRIPTION | |
| Extent | 95 p. |
| 546 ## - LANGUAGE NOTE | |
| Language note | Urdu |
| 942 ## - ADDED ENTRY ELEMENTS (KOHA) | |
| Koha item type | Books |
| Withdrawn status | Lost status | Damaged status | Home library | Current library | Date acquired | Full call number | Barcode | Date last seen | Price effective from | Koha item type |
|---|---|---|---|---|---|---|---|---|---|---|
| UMT Main Campus | UMT Main Campus | 2024-12-27 | APC 297.4 IMA-T | 148119 | 2024-12-27 | 2024-12-27 | Books |
